000 00558nam a2200229Ia 4500
003 OSt
005 20220918231533.0
006 a|||||r|||| 00| 0
007 ta
008 220917b |||||||| |||| 00| 0 eng d
024 _a307,166
037 _cTextual
040 _aARTS
_cARTS
_beng
041 _2eng
_aeng
082 _aO1591,2x, K9
100 _aMishra B.
_9154979
245 0 _aSaba Babak Mane
260 _c1969
650 _aORIYA LITERATURE
_927692
942 _hO1591,2x, K9
_cTEXL
_2CC
999 _c291600
_d291600